La réponse commence par N - Statistiques

Statistiques générales
  • Ce quiz a été pris 1 174 fois
  • Le résultat moyen est 13 sur 20
Statistiques - réponses
Indices Réponses % Correct
Personne de petite taille Nain
100%
Fête du 25 décembre Noël
100%
Venir au monde Naître
99%
Il se trouve au milieu du ventre Nombril
98%
Fils de mon frère Neveu
94%
Eau congelée qui tombe du ciel Neige
92%
Nombre qui suit le quatre-vingt-neuf en Belgique et en Suisse Nonante
92%
Nemo en a une atrophiée Nageoire
82%
Perte d'un bateau en mer Naufrage
76%
Milliardième de seconde Nanoseconde
66%
Licorne des mers Narval
65%
Confiserie composée d'amandes, de sucre, de miel, et de blanc d’oeuf Nougat
62%
Éditeur de The Legend of Zelda et Mario Nintendo
59%
Petit abri pour les oiseaux fabriqué par l'homme Nichoir
54%
Qui peut voir dans la nuit Nyctalope
50%
Soie artificielle Nylon
38%
Mage pouvant ranimer un cadavre Nécromancien
34%
Bouteille de 15 litres Nabuchodonosor
24%
Décoration culinaire japonaise à base de pâté de poisson et présentant une spirale à l'intérieur Naruto
17%
Antimite à base de goudron de houille Naphtaline
14%
Aucun quiz correspondant
Distribution des résultats
% des personnes avec chaque résultat
Percentile par nombre de réponses
Votre historique - résultats
Vous n’avez pas pris ce quiz